| 000 | 00000nam 2200000zi 4500 |
| 001 | 9.953616 |
| 003 | CaOODSP |
| 005 | 20250911101338 |
| 006 | m o d f |
| 007 | cr mn||||||||| |
| 008 | 250725e202509##onca ob f000 0 eng d |
| 020 | |a9780660782782 |
| 040 | |aCaOODSP|beng|erda|cCaOODSP |
| 043 | |an-cn--- |
| 086 | 1 |aP29-003-018-5-2025E-PDF |
| 245 | 00|aMethods of testing petroleum and associated products : |btest for ethyl mercaptan odorant in propane, field method. |
| 246 | 10|aTest for ethyl mercaptan odorant in propane, field method |
| 250 | |a[September 2025 edition]. |
| 264 | 1|aOttawa, Ontario : |bCanadian General Standards Board : |bStandards Council of Canada, |cSeptember 2025. |
| 264 | 4|c©2025 |
| 300 | |a1 online resource (10 pages) : |billustrations. |
| 336 | |atext|btxt|2rdacontent |
| 337 | |acomputer|bc|2rdamedia |
| 338 | |aonline resource|bcr|2rdacarrier |
| 490 | 1 |aNational standard of Canada ; |vCAN/CGSB-3.0 No. 18.5-2015 |
| 500 | |a"Supersedes CAN/CGSB-3.0 No. 18.5-2006, Reaffirmed September 2025." |
| 500 | |aIssued also in French under title: Méthodes d'essai des produits pétroliers et produits connexes : dosage de l'odorisant (éthylmercaptan) dans le propane, méthode sur le terrain. |
| 504 | |aIncludes bibliographical references (page 1). |
| 520 | |a"This method is intended for the semi-quantitative determination of ethyl mercaptan odorant (within the range of 5 to 48 mg/L) in liquid propane in order to confirm that recently stenched propane is odorized to the required level. Two procedures are given which are intended for field application and may be suitable for use by non-laboratory personnel after suitable training. A gas chromatographic method should be used for more precise, quantitative determination of ethyl mercaptan in propane"--Scope, page 1. |
| 650 | 0|aPropane|xTesting|xStandards|zCanada. |
| 710 | 2 |aCanadian General Standards Board, |eissuing body. |
| 710 | 2 |aStandards Council of Canada, |eissuing body. |
| 775 | 08|tMéthodes d'essai des produits pétroliers et produits connexes : |w(CaOODSP)9.953617 |
| 795 | |tMethods of testing petroleum and associated products : |b[September 2020 edition]|w(CaOODSP)9.891506 |
| 830 | #0|aNational standard of Canada ;|vCAN/CGSB-3.0 No. 18.5-2015.|w(CaOODSP)9.507848 |
| 856 | 40|qPDF|s276 KB|uhttps://publications.gc.ca/collections/collection_2025/ongc-cgsb/P29-003-018-5-2025-eng.pdf |
| 986 | |aICS 75.160.30 |